アニメ最後のセリフクイズ - Statistics

General Stats
  • This quiz has been taken 7 times
  • The average score is 4 of 15
Answer Stats
最後の台詞 アニメ名 % Correct
そうだ。俺達は、いつまでも。あの花の願いを、叶え続けてく。 あの日見た花の名前を僕達はまだ知らない。
67%
さぁ、ゲームを始めよう ノーゲーム・ノーライフ
67%
さすが僕、豚野郎だな 青春ブタ野郎はバニーガール先輩の夢を見ない
67%
ありがとうございます、ココアさん ご注文はうさぎですか?BLOOM
67%
やっぱり 嘘だったんじゃないですか 中に誰もいませんよ School Days
67%
気を取り直していってみましょう…もってけ!セーラーふくです! らき☆すた
33%
私たちの曲、聞いてくれる? けいおん!!
33%
ほんと、退屈しないわね、この街は…! とある科学の超電磁砲
0%
どうせなら最終回のギリギリまで明るく楽しく笑っていたいと私なんか考えたりするわけでございます じょしらく
0%
私たち、本当に学校が大好きなんだなって がっこうぐらし!
0%
俺…初めて本当の失恋したんだな... 君は冥土様。
0%
だから私は戦い続ける 魔法少女まどか☆マギカ
0%
いいわ、遊んであげる。永遠に終わらないこの六月を、好きなだけね。 ひぐらしのなく頃に
0%
彼らには過酷な日々を、僕らには始まりを。 AIR
0%
命をくれて、本当にありがとう。 Angel Beats!
0%
No matching quizzes found
Score Distribution
Percent of People with Each Score
Percentile by Number Answered
Your Score History
You have not taken this quiz